Colný dlh v prípade aktívneho zušľachťovacieho styku
Vznik colného dlhu pri spätnom vývoze v rámci zušľachťovacieho styku aktívneho. Všeobecné ustanovenia o povinnosti platiť dovozné clo pri spätnom vývoze pri zušľachťovacom styku aktívnom. Vrátenie cla plateného pri spätnom vývoze v aktívnom zušľachťovacom styku.
Uložené v:
| Hlavný autor: | |
|---|---|
| Médium: | Kapitola |
| Jazyk: | Slovak |
| Predmet: | |
| Tagy: |
Žiadne tagy, Buďte prvý, kto otaguje tento záznam!
|
MARC
| LEADER | 00000naa a2200000 4500 | ||
|---|---|---|---|
| 001 | r034585 | ||
| 005 | 20230911130439.7 | ||
| 041 | 0 | |a slo | |
| 044 | |a SK | ||
| 245 | 1 | 0 | |a Colný dlh v prípade aktívneho zušľachťovacieho styku |c Jana Kubicová |
| 520 | |a Vznik colného dlhu pri spätnom vývoze v rámci zušľachťovacieho styku aktívneho. Všeobecné ustanovenia o povinnosti platiť dovozné clo pri spätnom vývoze pri zušľachťovacom styku aktívnom. Vrátenie cla plateného pri spätnom vývoze v aktívnom zušľachťovacom styku. | ||
| 610 | 2 | 0 | |a clá dovozné |
| 610 | 2 | 0 | |a dlhy |
| 610 | 2 | 0 | |a vývoz |
| 610 | 2 | 0 | |a sadzby colné |
| 610 | 2 | 0 | |a konanie colné |
| 610 | 2 | 0 | |a styk platobný |
| 100 | 1 | |a Kubicová, Jana, 1961- | |